Mathematical aesthetic principles/nonintegrable systems
Shranjeno v:
| Format: | Knjiga |
|---|---|
| Jezik: | Vietnamese |
| Izdano: |
1991
|
| Oznake: |
Označite
Brez oznak, prvi označite!
|
| Thư viện lưu trữ: | Mạng thư viện Đại học Đà Nẵng |
|---|
| LEADER | 00591nam a2200241 4500 | ||
|---|---|---|---|
| 001 | 000021570 | ||
| 003 | 18018 | ||
| 005 | 20150422090407.0 | ||
| 008 | 150422s1991 viesd | ||
| 020 | |c 00 | ||
| 041 | 0 | |a vie | |
| 082 | 1 | 4 | |a 530,13 |b Ma-A |
| 245 | 1 | 0 | |a Mathematical aesthetic principles/nonintegrable systems |c Murray Muraskin |
| 260 | |c 1991 | ||
| 300 | |a tr. |c cm. | ||
| OWN | |a LSP | ||
| 999 | |a From the UDN01 | ||
| TYP | |a Monograph | ||
| TYP | |a Printed language | ||
| 980 | |a Mạng thư viện Đại học Đà Nẵng | ||